Kreutzerova sonáta /
Novela, která velmi zevrubně a s otevřeností ve své době šokující, rozkrývá otázky manželských a milostných vztahů.
Uloženo v:
| Hlavní autor: | |
|---|---|
| Další autoři: | |
| Médium: | E-kniha |
| Jazyk: | Czech |
| Vydáno: |
Praha :
Dobrovský s.r.o.,
2022
|
| Edice: | 1400
|
| Témata: | |
| Tagy: |
Žádné tagy |
| LEADER | 02718nam a2200421 i 4500 | ||
|---|---|---|---|
| 001 | 312677 | ||
| 003 | CZ PrSKC | ||
| 005 | 20260601215726.0 | ||
| 007 | ta | ||
| 008 | 220302s2022 xr g 000 j czeo | ||
| 015 | |a cnb003399630 | ||
| 020 | |a 9788027710270 |q (vázáno) | ||
| 035 | |a (OCoLC)1329407622 | ||
| 040 | |a ABG001 |b cze |e rda | ||
| 041 | 1 | |a cze |h rus | |
| 072 | 7 | |a 821.161.1 |x Ruská literatura, rusky psaná |2 Konspekt | |
| 080 | |a 821.161.1-32 |2 MRF | ||
| 080 | |a (0:82-32) |2 MRF | ||
| 100 | 1 | |a Tolstoj, Lev Nikolajevič, |d 1828-1910 |7 jn19981002230 |4 aut | |
| 240 | 1 | 0 | |a Krejcerova sonata. |l Česky |7 aun2010617083 |
| 245 | 1 | 0 | |a Kreutzerova sonáta / |c Lev Nikolajevič Tostoj ; z ruského originálu Krejcerova sonata přeložila Zdeňka Psůtková |
| 264 | 1 | |a Praha : |b Dobrovský s.r.o., |c 2022 | |
| 300 | |a 125 stran ; |c 21 cm | ||
| 336 | |a text |b txt |2 rdacontent | ||
| 337 | |a bez média |b n |2 rdamedia | ||
| 338 | |a svazek |b nc |2 rdacarrier | ||
| 490 | 1 | |a 1400 | |
| 500 | |a Na hřbetu chybně uvedeno jméno autora: Lev Nikolajevič Puškin | ||
| 520 | 2 | |a Novela, která velmi zevrubně a s otevřeností ve své době šokující, rozkrývá otázky manželských a milostných vztahů. |b Drásavá milostně psychologická novela je koncipována jako vyprávění, které během dlouhé jízdy vlakem vede zoufalý muž jménem Pozdnyšev ke svému spolucestujícímu. Impulsem je krátká debata ostatních pasažérů o manželství, po níž se Pozdnyšev představuje jako vrah své manželky a postupně odkrývá příběh vztahu plného falše, podezírání a bezdůvodné, tajené a stupňované nenávisti. Ve své době kontroverzní i zakazované dílo získalo skandální nálepku "sexuální novela", šokovalo však nikoli explicitní erotikou, ale spíše silou a otevřeností obžaloby, kterou vznáší proti pokrytectví a sobectví manželského a intimního života. Kriticky se vyjadřuje i k otázce ženských práv v manželství, jedním z vedlejších motivů je i brilantní postřeh o působení hudby na lidskou psychiku. | |
| 655 | 7 | |a ruské novely |7 fd133316 |2 czenas | |
| 655 | 9 | |a Russian novellas |2 eczenas | |
| 700 | 1 | |a Psůtková, Zdeňka, |d 1929-2001 |7 jk01101613 |4 trl | |
| 830 | 0 | |a 1400 | |
| 900 | |a ABA001 |b 20 | ||
| 044 | |a xr | ||
| 910 | |a RBIT002 | ||
| 998 | |d 417896 |a https://core.palmknihy.cz/api/books/417896/cover?std8j9 |b https://core.palmknihy.cz/api/books/417896/cover/400?std8j9 |c https://core.palmknihy.cz/api/books/417896/cover/50?std8j9 |e |g 128 |i 9788027710270 |j https://core.palmknihy.cz/api/books/417896/preview.epub |k https://core.palmknihy.cz/api/books/417896/preview.pdf |l |q 49 |r 1 |s https://www.palmknihy.cz/kniha/417896 |t ebook |y 2022 |z 0 | ||
| 999 | |d 312675 | ||